000 00317nam a2200157Ia 4500
100 _aWynkoop/ Stephen
250 _a2
942 _cBK
654 _aComputer
245 _aUsing SQL Server 7.0
260 _bPrentice Hall
_c1999
082 _a5.72
_bWYN
300 _a766
546 _aENGLISH
999 _c17952
_d17952